Countries Sweden has owned - Statistics

General Stats
  • This quiz has been taken 130 times
  • The average score is 10 of 13
Answer Stats
Hint Answer % Correct
Europe Finland
100%
Europe Denmark
98%
Europe Norway
98%
Europe Russia
95%
Europe Germany
93%
Europe Estonia
90%
Europe Poland
90%
Europe Latvia
87%
North America USA
84%
Europe France
75%
Europe Sweden
47%
Africa Ghana
42%
North America Trinidad and Tobago
29%
No matching quizzes found
Score Distribution
Percent of People with Each Score
Percentile by Number Answered
Your Score History
You have not taken this quiz